| 000 | 00508nam a2200169 a 4500 | ||
|---|---|---|---|
| 001 | 000001564 | ||
| 005 | 20200929145624.0 | ||
| 008 | 780404s1969 fr 001 0 fre | ||
| 040 |
_aDO-SdBNP _bspa _cBNPHU |
||
| 050 | 0 | 0 |
_aPQ2450.T6 _bM6 1969 |
| 082 |
_ann _bT577m |
||
| 100 | 1 |
_aTillier, Claude, _d1801-1844 _95124 |
|
| 245 | 1 | 0 |
_aMon oncle Benjamin / _cClaude Tillier. |
| 260 |
_aParÃs, Francia : _b[Livre Clud Direrot], _c1969. |
||
| 300 |
_a267 p. : ; _c20 cm. |
||
| 910 | _aCatalogación original noche / LC | ||
| 999 |
_c1463 _d1463 |
||